EFL in-service teachers' perceptions of the ETCF - a case of the Mekong Delta : Master of education. Program Principles and methods in English language education

This study is an investigation into EFL in-service teachers' perceptions of the ETCF in the Mekong Delta

Spremljeno u:
Bibliografski detalji
Glavni autor: Lê, Huỳnh Thảo Trúc
Format: Knjiga
Jezik:Undetermined
Izdano: Can Tho Can Tho University 2016
Teme:
Oznake: Dodaj oznaku
Bez oznaka, Budi prvi tko označuje ovaj zapis!
Thư viện lưu trữ: Trung tâm Học liệu Trường Đại học Cần Thơ
LEADER 00873nam a2200217Ia 4500
001 CTU_213763
008 210402s9999 xx 000 0 und d
082 |a 428.2407 
082 |b Tr506 
100 |a Lê, Huỳnh Thảo Trúc 
245 0 |a EFL in-service teachers' perceptions of the ETCF - a case of the Mekong Delta : 
245 0 |b Master of education. Program Principles and methods in English language education 
245 0 |c Lê Huỳnh Thảo Trúc ; Thái Công Dân (Supervisor) 
260 |a Can Tho 
260 |b Can Tho University 
260 |c 2016 
520 |a This study is an investigation into EFL in-service teachers' perceptions of the ETCF in the Mekong Delta 
650 |a Tiếng Anh,English language 
650 |x Dạy và học,Study and teaching 
904 |i Nguyên 
980 |a Trung tâm Học liệu Trường Đại học Cần Thơ